Životné prostredie
Saved in:
| Main Authors: | , , , , |
|---|---|
| Format: | Book |
| Language: | Slovak |
| Published: |
Bratislava
Slovenská technická univerzita
2008
|
| Edition: | 1. vyd. |
| Series: | Edícia vysokoškolských učebníc
|
| Subjects: | |
| Online Access: | View in OPAC |
| Tags: |
No Tags, Be the first to tag this record!
|
MARC
| LEADER | 00000nam a2200000 a 4500 | ||
|---|---|---|---|
| 005 | 20260127134111.0 | ||
| 008 | 160610s2008 xo dbl d p 001 0 slo | ||
| 015 | |a SNBA2009/06-02783 | ||
| 020 | |a 9788022729581 (brož.) | ||
| 035 | |a vtls009471867 | ||
| 035 | |a DFC87731-5736-4CC8-A5C1-4B60547BCAE6 | ||
| 035 | |a urn:nbn:sk:snk-amlg5j | ||
| 035 | |a urn:nbn:sk:snk-am0093ia | ||
| 039 | 9 | |a 202005270902 |b AUTHORITY |c 202004231020 |d AUTHORITY |c 202004231019 |d AUTHORITY |c 201606102027 |d VLOAD |y 200902111309 |z msnk12 | |
| 040 | |a SNK |b slo |c SNK |e AACR2 | ||
| 041 | 0 | |a slo | |
| 044 | |a xo |c SK | ||
| 072 | 7 | |a 502 |x Životné prostredie a jeho ochrana |2 konspekt | |
| 080 | |a 502/504 |2 2001 | ||
| 080 | |a 502.17 |2 20012 | ||
| 080 | |a 504.5 |2 2001 | ||
| 080 | |a 502.5 |2 2001 | ||
| 080 | |a 349.6 |2 2001 | ||
| 080 | |a (075.8) |2 2001 | ||
| 100 | 1 | |a Čermák, Oskár, |d 1939- |9 157 | |
| 245 | 1 | 0 | |a Životné prostredie |c Oskar Čermák a kol. |
| 250 | |a 1. vyd. | ||
| 260 | |a Bratislava |b Slovenská technická univerzita |c 2008 | ||
| 300 | |a 390 s. |b grafy, mp., sch., tab. |c 25 cm | ||
| 490 | 1 | |a Edícia vysokoškolských učebníc | |
| 504 | |a Bibliogr. s. 384-386. Reg. | ||
| 650 | 0 | 7 | |a životné prostredie |2 SNKPH |
| 650 | 0 | 7 | |a ochrana životného prostredia |2 SNKPH |
| 650 | 0 | 7 | |a znečistenie životného prostredia |2 SNKPH |
| 650 | 0 | 7 | |a krajinná ekológia |2 SNKPH |
| 650 | 0 | 7 | |a právo životného prostredia |2 SNKPH |
| 655 | 7 | |a učebnice vysokých škôl |2 SNKPH | |
| 700 | 1 | |a Barkolová, Danica |4 aut | |
| 700 | 1 | |a Horanová, Ľubomíra |4 aut |9 603 | |
| 700 | 1 | |a Ilavský, Ján |4 aut | |
| 700 | 1 | |a Škultétyová, Ivona, |d 1960- |4 aut |9 937 | |
| 810 | 2 | |a Slovenská technická univerzita (Bratislava, Slovensko). |b Stavebná fakulta. |t Edícia vysokoškolských učebníc | |
| 910 | |a snk | ||
| 910 | |a savuk | ||
| 919 | |a 978-80-227-2958-1 | ||
| 958 | |a NB | ||
| 968 | |d 50 | ||
| 980 | |a 502/504 |x (075.8) |2 2001 | ||
| 999 | |c 4074 |d 4074 | ||